000 00300nam a22001337a 4500
008 170331b xxu||||| |||| 00| 0 eng d
020 _a85898
041 _aeng
080 _a616-053.2
100 _a8
101 _aSHM
245 _aSTUTTERING: THERAPY FOR CHILDREN
_cLUPER, H.L
942 _2udc
_cBK
999 _c9247
_d9247